000 00352 a2200109 4500
001 ART_36748
005 20260410162005.0
008 260409a
245 1 0 _aPersonas jurídicas en el Código Civil y Comercial de la Nación
100 1 _aMontalto, Ana M.
773 0 _tTemas de derecho civil
_g- Año 2, Nº 2 (feb. 2016)
_wREV34778
999 _c31617
_d31617